| 000 | 01100nac a22003137a 4500 | ||
|---|---|---|---|
| 001 | BR8206509 | ||
| 003 | BR-BrBNA | ||
| 005 | 20240105115538.0 | ||
| 008 | 230509b bl.|||m| |||| 00| 0 por d | ||
| 040 |
_aBR-BrBNA _bpor _cBiblioteca Nacional de Agricultura |
||
| 072 | _aQ10; C00 | ||
| 090 | _a0100 BR8206509 | ||
| 100 | 1 | _aRoa, G. (trad.) | |
| 110 | 1 |
_aCentro Nacional de Treinamento em Armazenagem, Vicosa, MG (Brasil) _91871 |
|
| 245 | 1 | _aPerdidas de post-cosecha de alimentos em paises em desarrollo [preservacao de alimento, armazenamento, cereal, leguminosa, peixe, perda pos-colheita, extensao rural] | |
| 260 | 3 |
_aVicosa, MG (Brasil): _c1982. |
|
| 300 | _a225 p. | ||
| 490 |
_aSerie CENTREINAR (Brazil) _vno. 4 _x |
||
| 500 | _a37 illus.; 14 tables; Bibliography (166 ref.); Summaries (En, Fr, Sp) | ||
| 650 | _aPRESERVACAO DE ALIMENTO | ||
| 650 | _aARMAZENAMENTO | ||
| 650 | _aCEREAL | ||
| 650 | _aLEGUMINOSA | ||
| 650 | _aPEIXE | ||
| 650 | _aPERDA POS-COLHEITA | ||
| 650 | _aEXTENSAO RURAL | ||
| 909 |
_a202312 _bLúcia Elande _c55 _dLúcia Elande |
||
| 942 |
_2AGRIS _n0 _cMS |
||
| 999 |
_c275251 _d275251 |
||